000 004890000a22001690004500
003 LK-CoMWRAF
005 20240211042257.0
008 230817t ||||| |||| 00| 0 eng d
040 _aLK-CoMWRAF
_dLK-CoMWRAF
_eLK-CoMWRAF
041 _aeng
082 _a355
_bLAW
245 _aThe Law in daily life :
_bA guide to some of your rights, remedies and procedures
260 _aColombo :
_bThe Sri Lanka women Lawyers' association,
300 _a24 p.
650 _awomen & law
942 _cBK
999 _c2370
_d2370